A Jewish tax with a Latin name: the "aurum coronarium"
The tax collected by the Jewish Patriarch in late antiquity has no name in Jewish sources, but in one instance Roman law calls it by the same name as a particular Roman tax. Building on the work of Clifford Ando, this note discusses what the two taxes had in common, and proposes that the Jewish tax...
| Main Author: | |
|---|---|
| Format: | Electronic Article |
| Language: | English |
| Check availability: | HBZ Gateway |
| Interlibrary Loan: | Interlibrary Loan for the Fachinformationsdienste (Specialized Information Services in Germany) |
| Published: |
2025
|
| In: |
Journal of Jewish studies
Year: 2025, Volume: 76, Issue: 1, Pages: 41-48 |
| Further subjects: | B
Terminology
B Jewish Patriarch B Roman Empire B Diaspora B Tax B Late Antiquity B Judea |
| Online Access: |
Volltext (lizenzpflichtig) Volltext (lizenzpflichtig) |
MARC
| LEADER | 00000caa a22000002c 4500 | ||
|---|---|---|---|
| 001 | 1931952957 | ||
| 003 | DE-627 | ||
| 005 | 20250923140914.0 | ||
| 007 | cr uuu---uuuuu | ||
| 008 | 250729s2025 xx |||||o 00| ||eng c | ||
| 024 | 7 | |a 10.3828/jjs.2025.76.1.41 |2 doi | |
| 035 | |a (DE-627)1931952957 | ||
| 035 | |a (DE-599)KXP1931952957 | ||
| 040 | |a DE-627 |b ger |c DE-627 |e rda | ||
| 041 | |a eng | ||
| 084 | |a 0 |a 1 |2 ssgn | ||
| 100 | 1 | |e VerfasserIn |0 (DE-588)1022968556 |0 (DE-627)717341887 |0 (DE-576)366235303 |4 aut |a Appelbaum, Alan |d 1936- | |
| 109 | |a Appelbaum, Alan 1936- | ||
| 245 | 1 | 2 | |a A Jewish tax with a Latin name |b the "aurum coronarium" |
| 264 | 1 | |c 2025 | |
| 336 | |a Text |b txt |2 rdacontent | ||
| 337 | |a Computermedien |b c |2 rdamedia | ||
| 338 | |a Online-Ressource |b cr |2 rdacarrier | ||
| 520 | |a The tax collected by the Jewish Patriarch in late antiquity has no name in Jewish sources, but in one instance Roman law calls it by the same name as a particular Roman tax. Building on the work of Clifford Ando, this note discusses what the two taxes had in common, and proposes that the Jewish tax played an important role in bringing about the idea of a single Jewish people rather than various groups of people of Jewish ancestry living in various communities. | ||
| 650 | 4 | |a Jewish Patriarch | |
| 650 | 4 | |a Judea | |
| 650 | 4 | |a Late Antiquity | |
| 650 | 4 | |a Roman Empire | |
| 650 | 4 | |a Diaspora | |
| 650 | 4 | |a Tax | |
| 650 | 4 | |a Terminology | |
| 773 | 0 | 8 | |i Enthalten in |t Journal of Jewish studies |d Liverpool : Liverpool University Press, 1948 |g 76(2025), 1, Seite 41-48 |h Online-Ressource |w (DE-627)341338915 |w (DE-600)2066597-0 |w (DE-576)267942427 |x 2056-6689 |7 nnas |
| 773 | 1 | 8 | |g volume:76 |g year:2025 |g number:1 |g pages:41-48 |
| 856 | 4 | 0 | |u https://doi.org/10.3828/jjs.2025.76.1.41 |x Resolving-System |z lizenzpflichtig |3 Volltext |7 1 |
| 856 | 4 | 0 | |u https://www.liverpooluniversitypress.co.uk/doi/10.3828/jjs.2025.76.1.41 |x Verlag |z lizenzpflichtig |3 Volltext |7 1 |
| 935 | |a BiBIL | ||
| 951 | |a AR | ||
| BIB | |a 1 | ||
| ELC | |a 1 | ||
| LOK | |0 000 xxxxxcx a22 zn 4500 | ||
| LOK | |0 001 475041297X | ||
| LOK | |0 003 DE-627 | ||
| LOK | |0 004 1931952957 | ||
| LOK | |0 005 20250729103421 | ||
| LOK | |0 008 250729||||||||||||||||ger||||||| | ||
| LOK | |0 040 |a DE-Tue135 |c DE-627 |d DE-Tue135 | ||
| LOK | |0 092 |o n | ||
| LOK | |0 852 |a DE-Tue135 | ||
| LOK | |0 852 1 |9 00 | ||
| LOK | |0 935 |a ixzs |a ixzo | ||
| LOK | |0 939 |a 29-07-25 |b l01 | ||
| LOK | |0 000 xxxxxcx a22 zn 4500 | ||
| LOK | |0 001 4775332147 | ||
| LOK | |0 003 DE-627 | ||
| LOK | |0 004 1931952957 | ||
| LOK | |0 005 20250923140914 | ||
| LOK | |0 008 250923||||||||||||||||ger||||||| | ||
| LOK | |0 040 |a DE-Tue135-5 |c DE-627 |d DE-Tue135-5 | ||
| LOK | |0 092 |o n | ||
| LOK | |0 852 |a DE-Tue135-5 | ||
| LOK | |0 852 1 |9 00 | ||
| LOK | |0 935 |a lsix | ||
| LOK | |0 939 |a 23-09-25 |b l01 | ||
| ORI | |a SA-MARC-ixtheoa001.raw | ||
| REL | |a 1 | ||
| STA | 0 | 0 | |a Diaspora,Diaspora (social sciences),Diaspora |
| STB | 0 | 0 | |a Diaspora,Diaspora (sciences sociales),Diaspora |
| STC | 0 | 0 | |a Diáspora,Diáspora |
| STD | 0 | 0 | |a Diaspora,Diaspora |
| STE | 0 | 0 | |a 流散,流散,大移居,大流散,大移居,大流散 |
| STF | 0 | 0 | |a 流散,流散,大移居,大流散,大移居,大流散 |
| STG | 0 | 0 | |a Diáspora,Diáspora |
| STH | 0 | 0 | |a Диаспора (мотив),Диаспора |
| STI | 0 | 0 | |a Διασπορά (μοτίβο),Διασπορά |
| SUB | |a BIB |a REL | ||
| SYE | 0 | 0 | |a Konfessionelle Minderheit |



